Quentin Tarantino Trivia - Statistics

General Stats
  • This quiz has been taken 752 times
  • The average score is 9 of 20
Answer Stats
Hint Answer % Correct
English
96%
Only one actor met the criteria of being fluent in four languages for the role of Hans Landa. Name the languages! German
96%
French
95%
Italian
83%
And which actor who played Mr. Orange and Pumpkin is NOT the above mentioned person's brother? (full name again) Tim Roth
57%
Which director of bloody disgusting movies like Hostel had a role in Inglourious Basterds? (enter full name) Eli Roth
47%
Hamburger (Reservoir Dogs, Pulp Fiction) Big Kahuna
46%
In Pulp Fiction, John Travolta plays Vincent Vega. In Reservoir Dogs, Michael Madsen plays his brother - by the name of? Vic
44%
Cigarettes (Pulp Fiction, Kill Bill) Red Apple
43%
Which movies did he write but didn't direct? True Romance
42%
Name the Italian maestro who used to compose soundtracks for Sergio Leone and whose original movie themes were integrated in Kill Bill vol. 2, Inglourious Basterds and Django Unchained. Ennio Morricone
33%
Which member of the Wu-Tang Clan composed parts for the soundtrack for Kill Bill Vol. 1+2 and Django Unchained? RZA
30%
Natural Born Killers
29%
From Dusk Till Dawn
25%
Although Jackie Brown is described as white in Elmore Leonard's novel, the title character's name can be seen as an homage to which 1974 blaxploitation movie also starring Pam Grier? Foxy Brown
20%
In 2009, Tarantino published a list on the 20 Best Movies since the year he started making films (1992). Which movie grabs the top spot? Hint: It's Japanese. Battle Royale
19%
Which actor played Django in the original movie and also had a cameo in Django Unchained? Franco Nero
16%
What is the name of the black-and-white movie he directed in 1987 that is partially lost? My Best Friend's Birthday
16%
Who co-wrote the screenplay of Pulp Fiction? Roger Avary
12%
Juice (Kill Bill, Death Proof) G. O. Juice
2%
No matching quizzes found
Score Distribution
Percent of People with Each Score
Percentile by Number Answered
Your Score History
You have not taken this quiz